000 00739cam a2200169 4500
020 _a0522838375
040 _cDLC
082 0 0 _a595 MEL 1970 A063 Or.
245 0 4 _aThe Insects of Australia;
_ba textbook for students and research workers.
260 _a[Melbourne]
_bMelbourne University Press
_c[1970]
300 _axiii, 1029 p.
_billus. (part col.)
_c25 cm.
500 _aStamped on t.p.: Distributed in the Western Hemisphere by International Scholarly Book Services, Zion, Ill.
500 _a"Sponsored by the Division of Entomology, Commonwealth Scientific and Industrial Research Organization, Canberra."
650 0 _aInsects
710 2 _aCommonwealth Scientific and Industrial Research Organization (Australia).
942 _cEK
999 _c15125
_d15125